1668 1881 1820 1073 1974 1218 1427 1995 1160 1936 1850 1525 1935 1430 1200 1133 1847 1476 1681 1373 1626 1652 1543 1598 1275 1274 1540 1510 1575 1566 1417 1644 1714 1931 1669 1049 1896 1348 1349 1140 1479 1749 1215 1493 1198 1564 1759 1881 1327 1868 1115 1291 1620 1449 1585 1592 1003 1083 1599 1008 1636 1414 1780 1868 1106 1104 1653 1232 1035 1240 1270 1685 1173 1493 1345 1571 1073 1376 1280 1962 1979 1608 1461 1904 1522 1116 1977 1066 1571 1924 1060 1897 1480 1987 1516 1146 1013 1125 1594 BCNSPRNW ULIB Ver.6.0+V

เปลี่ยนเป็นภาษาไทย

Change to English
 แสดงรายละเอียดบรรณานุกรม
  กลับหน้าหลัก

Brief Record : Get Marc (ISO 2709) : E-mail record : QR code < ปิดหน้าต่าง
LEADER : 00000nam 2200000uu 4500
001    13399123258
003     ULIB
008    140807s2555||||th 000 0 tha d
060  0 ^aWY18^bก398ก
110    ^a กลุ่มพัฒนาบุคลากร สถาบันพระบรมราชชนก, สำนักงานปลัดกระทรวงสาธารณสุข
245 00 ^aการประเมินสมรรถนะการปฏิบัติทางคลินิกโดยใช้วิธี Obstructive Structured Clinical Examination (OSCE) /^cกลุ่มพัฒนาบุคลากร สถาบันพระบรมราชชนก,
246 0  ^aObstructive Structured Clinical Examination
246 0  ^aOSCE
250    ^aพิมพ์ครั้งที่ 1
260    ^aนนทบุรี :^bกลุ่มพัฒนาบุคลากร สถาบันพระบรมราชชนก,^c2555
300    ^a109 หน้า :^c29.5 ซม.
650  7 ^aการประเมินสมรรถนะการปฏิบัติทางคลินิก
650  7 ^aการเรียนการสอน
650  7 ^aOSCE
945    ^p0^l0^i034556
945    ^p0^l0^i034557
945    ^p0^l0^i034558
945    ^p0^l0^i034559
945    ^p0^l0^i034560
999    ^aเกษร โพธิ์สุวรรณ
รายการนี้ยังไม่มีแท็ก
คุณยังไม่ได้ล็อกอิน คุณสามารถมีกิจกรรมร่วมกับเว็บไซต์ได้ แต่ต้องล็อกอินก่อน ::
  ล็อกอิน

รายการสื่อสารสนเทศ

ลำดับที่ ประเภท เลขเรียก/บาร์โค้ด สถานที่ สถานะ
1. Book การพยาบาล
หนังสือสำรอง
สถานะ=หนังสือสำรอง
WY18 ก398ก ฉ.1 
  Barcode: 034556
ห้องสมุดวิทยาเขตสวรรค์ประชารักษ์
►ส่วนจัดเก็บหนังสือเก่า สปร
บนชั้น
  ขอยืม
2. Book การพยาบาล
Book การพยาบาล
WY18 ก398ก ฉ.2 
  Barcode: 034557
ห้องสมุดวิทยาเขตสวรรค์ประชารักษ์
►ส่วนจัดเก็บหนังสือเก่า สปร
บนชั้น
  ขอยืม
3. Book การพยาบาล
Book การพยาบาล
WY18 ก398ก ฉ.3 
  Barcode: 034558
ห้องสมุดวิทยาเขตสวรรค์ประชารักษ์
►ส่วนจัดเก็บหนังสือเก่า สปร
บนชั้น
  ขอยืม
4. Book การพยาบาล
Book การพยาบาล
WY18 ก398ก ฉ.4 
  Barcode: 034559
ห้องสมุดวิทยาเขตสวรรค์ประชารักษ์
►ส่วนจัดเก็บหนังสือเก่า สปร
บนชั้น
  ขอยืม
5. Book การพยาบาล
Book การพยาบาล
WY18 ก398ก ฉ.5 
  Barcode: 034560
ห้องสมุดวิทยาเขตสวรรค์ประชารักษ์
►ส่วนจัดเก็บหนังสือเก่า สปร
บนชั้น
  ขอยืม

รายการใกล้เคียง
    หัวเรื่อง [การประเมินสมรรถนะการปฏิบัติทางคลินิก]
    หัวเรื่อง [การเรียนการสอน]
    หัวเรื่อง [OSCE]

BibComment


ยังไม่เคยถูกคอมเมนท์

คอมเมนท์ทรัพยากรรายการนี้
  คอมเมนท์: การประเมินสมรรถน..


 Copyright 2026. Bcnsprnw @Library